| 000 | 00556nam a2200181Ia 4500 | ||
|---|---|---|---|
| 008 | 151018s9999 xx 000 0 und d | ||
| 082 |
_bRBASDV62860 _a891.433 |
||
| 100 | _aमंगला चौहान | ||
| 245 | _aआखिरी मंजिल | ||
| 250 | _b1 | ||
| 260 |
_bकिरण प्रकाशन _c2012 |
||
| 300 | _a103 | ||
| 600 | _aमंगला चौहान | ||
| 630 | _aआखिरी मंजिल | ||
| 700 | _aमंगला चौहान | ||
| 730 | _aआखिरी मंजिल | ||
| 942 | _cBOOK | ||
| 999 |
_c1055205 _d1055202 |
||